000 00470cam a2200193 4500
001 D12510
008 090401t1940 xxu||||| |||| 00| 0 eng d
035 _a(Sirsi) u3896
041 _aeng
100 _aCreswell, William T.
245 4 _aThe law relating to building and engineering contracts
250 _a3rd
260 _aLondon
_bPitman & Sons
_c1940
350 _a0
520 _aShelf 153
700 _aGreig, Norman P
942 _n0
948 _c04/03/1997
999 _c85963
_d85963